000 00569nam a2200205Ia 4500
005 20260429112007.0
008 260429s9999||||xx |||||||||||||| ||und||
020 _a9781787152076
041 _aEnglish
082 _a658.022
_bWAN
100 _aWang, Xi
245 0 _aSmall business management :
_bprinciples and practice, Vol. 2 /
_cXi Wang
260 _aUnited Kingdom :
_bKruger Brentt Publishers,
_c2024.
300 _aix, 332-628 p.; hb
440 _vVol. 2
650 _a Small enterprises
650 _aManagement
700 _a Cheng, Li
942 _cTB
999 _c51793
_d51793